COLD WAR FOR FORTY FIVE YEARS THE WORLD (Record no. 21165)

MARC details
000 -LEADER
fixed length control field 00336nam a2200133Ia 4500
008 - FIXED-LENGTH DATA ELEMENTS--GENERAL INFORMATION
fixed length control field 240624s9999 xx 000 0 und d
041 ## - LANGUAGE CODE
Language code of text/sound track or separate title eng
082 ## - DEWEY DECIMAL CLASSIFICATION NUMBER
Classification number 920 HEN
100 ## - MAIN ENTRY--PERSONAL NAME
Personal name ISAACS JEREMY
245 ## - TITLE STATEMENT
Title COLD WAR FOR FORTY FIVE YEARS THE WORLD
260 ## - PUBLICATION, DISTRIBUTION, ETC.
Date of publication, distribution, etc. 2008
Place of publication, distribution, etc. London
Name of publisher, distributor, etc. Abacus
300 ## - PHYSICAL DESCRIPTION
Extent xx, : 536 : p. : cm. ; 20
365 ## - TRADE PRICE
Currency code RS
Holdings
Withdrawn status Lost status Damaged status Not for loan Home library Current library Shelving location Date acquired Source of acquisition Cost, normal purchase price Full call number Barcode Date last seen Copy number Price effective from Koha item type
  Missing     IMTN IMTN Rack 43-B 05/16/2013 IMTN 995.00 920 HEN 21165 06/24/2024 1 06/24/2024 Books
Designed & Maintained by: LRC IMT Nagpur Contact: lrc@imtnag.ac.in© 2024. All Rights Reserved.